Retrospectiva el cortometraje mexicano en los años noventa /

Catálogo de El cortometraje mexicano en los años noventa, retrospectiva programada en la 17ª Muestra de Cine Mexicano en Guadalajara, que da cuenta de la relevancia creciente de este género en la década precedente, representado por la siguiente antología de 25 títulos (entre paréntesis, el crédito d...

Fuld beskrivelse

Guardado en:
Bibliografiske detaljer
Autores corporativos: Muestra de Cine Mexicano en Guadalajara ( Guadalajara, México), Retrospectiva El Cortometraje Mexicano en los Años Noventa
Andre forfattere: Ríos Espino, Alejandro (prefacio) (prefacio)
Format: Procedimiento de la conferencia Bog
Sprog:spansk
Udgivet: Guadalajara, México : México : Muestra de Cine Mexicano en Guadalajara : Universidad de Guadalajara ; Asociación Nacional Independiente de Creadores de Cortometraje y Video, 2002, c2002
Fag:
Tags: Tilføj Tag
Ingen Tags, Vær først til at tagge denne postø!

MARC

LEADER 00000nam^a2200000^a^4500
001 000144616
005 20260226153224.0
009 20260310095807.429
020 |a 970-27-0162-7 
037 |a Acervo ITESO - Biblioteca 
041 |a ESP 
082 |a 302. 23550972352  |b FICG 2002 RET 
111 |a Muestra de Cine Mexicano en Guadalajara (  |n 17ª :  |d 2002 :  |c Guadalajara, México) 
240 1 1 |a [FICG] 
240 1 1 |a [FICG: catálogos] 
240 1 1 |a [Festival Internacional de Cine en Guadalajara] 
240 1 1 |a [Festival Internacional de Cine en Guadalajara: catálogos] 
240 1 1 |a [Muestra de Cine Mexicano en Guadalajara] 
240 1 1 |a [Muestra de Cine Mexicano en Guadalajara: catálogos] 
240 1 1 |a [Muestra de Cine Mexicano en Guadalajara 2002] 
245 1 0 |a Retrospectiva el cortometraje mexicano en los años noventa /  |c Pórtico de A. Ríos Espino. 
264 4 |a Guadalajara, México :  |b Muestra de Cine Mexicano en Guadalajara :  |b Universidad de Guadalajara ;  |a México :  |b Asociación Nacional Independiente de Creadores de Cortometraje y Video,  |c 2002, c2002 
300 |a 77 p. ;  |c 18.0 cm. 
336 |a texto  |b txt  |2 rdacontenido 
337 |a sin mediación  |b n  |2 rdamedio 
338 |a volumen  |b nc  |2 rdasoporte 
520 |a Catálogo de El cortometraje mexicano en los años noventa, retrospectiva programada en la 17ª Muestra de Cine Mexicano en Guadalajara, que da cuenta de la relevancia creciente de este género en la década precedente, representado por la siguiente antología de 25 títulos (entre paréntesis, el crédito de dirección y el año de producción): ¿Puede hablar un poco más alto por favor? (Arturo Carrasco Martínez, CUEC/UNAM, 1990), Agonía (Jaime Ruiz Ibáñez, CUEC/UNAM, 1991), Objetos perdidos (Eva López Sánchez, CCC, 1991), Mina (Juan Carlos Colín, 1991), Paty Chula (Francisco Murguía, 1991), El último fin de año (Javier Bourges, 1991), Me voy a escapar (Juan Carlos de Llaca, 1992), El héroe (Carlos Carrera, 1993, animación), El abuelo Cheno y otras historias (Juan Carlos Rulfo, CCC, 1994, documental), Actos impuros (Roberto Fiesco Trejo, 1994, CUEC/UNAM), Las alas de Alicia (Alejandro Cantú Medero, CUEC/UNAM, 1994), El árbol de la música (Sabina Berman e Isabelle Tardan, 1994), De tripas corazón (Antonio Urrutia, 1994, Universidad de Guadalajara), Un volcán con lava de hielo (Valentina Leduc, CUEC/UNAM, 1994), La cruda de Cornelio (Marcel Sisniega, 1996), Novia mía (Rodrigo Plá, CCC, 1995), Adiós mamá (Ariel Gordon, 1996), Desde dentro (Dominique Jonard, 1996, animación), Pasajera (Jorge Villalobos, 1996), Rastros (Diego Muñoz, CCC, 1997), Cruz (Kenya Márquez, 1997), En el espejo del cielo (Carlos Salces, 1997), Ondas hertzianas (Ernesto Contreras Flores, CUEC/UNAM, 1997), Sin sostén (René Castillo Rivera y Antonio Urrutia, 1997, animación) y El milagro (Ernesto Contreras Flores, 1999). 
520 |a La radiografía de la retrospectiva mostró que 23 películas habían sido proyectadas en ediciones precedentes de la Muestra –las excepciones: Actos impuros y Las alas de Alicia- y nueve habían recibido premios o menciones en el festival tapatío: Objetos perdidos, El último fin de año, El héroe, Novia mía, Rastros, Sin sostén, En el espejo del cielo, Ondas hertzianas y El milagro. La retrospectiva contó con 20 directores y cinco directoras, nacidos entre 1939 (Francisco Murguía) y 1977 (Ariel Gordon). El Centro Universitario de Estudios Cinematográficos de la UNAM (CUEC), la escuela de cine más longeva de Latinoamérica, contribuyó con seis títulos y el Centro de Capacitación Cinematográfica (CCC) con cuatro, mientras que tres producciones surgieron de Guadalajara, con las direcciones de Antonio Urrutia, René Castillo Rivera –ambos egresados de ITESO- y Kenya Márquez. El ciclo estuvo formado por 21 títulos de ficción, tres de animación y uno documental. ¿Puede hablar un poco más alto por favor?, Objetos perdidos y El último fin de año formaron parte de la serie Encuentros y Desencuentros, mientras Mina y Paty Chula surgieron de adaptaciones de relatos de Guadalupe Loaeza. 
520 |a El héroe, contundente animación de Carlos Carrera que destaca entre todos los trabajos, fue galardonado con la Palma de Oro a Mejor Cortometraje en el 47° Festival de Cannes (1994), donde Me voy a escapar y Sin sostén también concursaron en la sección oficial en 1993 y 1998, y el bellísimo En el espejo del cielo fue galardonado en el 48° Festival de Berlín (1998), donde se proyectó en la sección Kinderfilmfest/14 plus. De tripas corazón, cortometraje filmado en Concepción de Buenos Aires, Jalisco, y En el espejo del cielo fueron premiados en el Festival Internacional de Cortometraje de Clermont-Ferrand, Francia, donde también fueron proyectados El último fin de año, Adiós mamá, Pasajera y Cruz. El último fin de año recibió el premio de Película Extranjera en la 20ª entrega del Oscar Estudiantil (1993) y De tripas corazón formó parte de la quinteta finalista a Mejor Cortomeraje de Acción Viva en la 69a edición del premio Oscar (1997). 
546 |a Edición bilingüe español-inglés 
585 |a Muestra de Cine Mexicano en Guadalajara (17ª: 2002): Retrospectiva 
649 |a XX 
650 |a Cortometrajes y Mediometrajes Mexicanos -  |x Ciclos y Retrospectivas -  |x Catálogos -  |x Tema Principal 
650 |a Cortometrajes y Mediometrajes Mexicanos -  |x Festivales -  |x Catálogos 
650 |a Cortometrajes y Mediometrajes Mexicanos -  |x Filmografías 
650 |a Cortometrajes y Mediometrajes Mexicanos -  |x Historia y Crítica 
650 |a Cine Mexicano -  |x Ciclos y Retrospectivas -  |x Catálogos 
650 |a Cine Mexicano -  |x Festivales -  |x Catálogos -  |x Tema Principal 
650 |a Cine Mexicano -  |x Filmografías 
650 |a Cine Mexicano -  |x Historia y Crítica 
650 |a Cine Mexicano -  |y 1990-1999 
650 |a Cine Mexicano -  |y Siglo XX 
650 |a Cine Iberoamericano -  |x Festivales -  |x Catálogos -  |x Tema Principal 
650 |a Cine Iberoamericano -  |x Historia y Crítica 
650 |a Cine Iberoamericano -  |y 1990-1999 
650 |a Cine -  |z Guadalajara, Jalisco -  |x Festivales -  |x Catálogos -  |x Tema Principal 
650 |a Cine -  |z México -  |x Festivales -  |x Catálogos 
650 |a Cine -  |x Festivales -  |x Catálogos 
711 |a Retrospectiva El Cortometraje Mexicano en los Años Noventa (  |d 2002 :  |c Guadalajara, México) 
700 |a Ríos Espino, Alejandro  |e (prefacio) 
910 |a Fondo General 
920 |a Impresos - Libros 
930 |a Libros Antiguos y Raros 
905 |a 108 
901 |a 0500073870  |b IT2  |c LRA  |u 20250526 
902 |a https://opac.biblio.iteso.mx/vufind/Record/000144616